[Event "Tourn. n9919"]
[Site "www.echecsemail.com"]
[Date "2018.10.16"]
[Round "1"]
[White "Hundegana"]
[Black "J1j6"]
[WhiteElo "2060"]
[BlackElo "1950"]
[Result "1-0"]
[Round "1"]
1.e4 g6
2.Bf1c4 e6
3.d3 d5
4.exd5 exd5
5.Qd1e2 Bf8e7
6.Bc4b3 b6
7.Ng1f3 Ng8f6
8.Bc1h6 Rh8g8
9.O-O Bc8b7
10.Rf1e1 Nb8c6
11.c3 Qd8d6
12.h3 O-O-O
13.Bb3a4 Rd8e8
14.Qe2c2 Nf6h5
15.Nb1d2 g5
16.Bh6xg5 Qd6g6
17.Ba4xc6 Bb7xc6
18.g4 Be7xg5
19.Re1xe8 Bc6xe8
20.Nf3xg5 Qg6xg5
21.Nd2f3 Qg5e7
22.Ra1e1 Qe7d7
23.d4 Nh5f4
24.Qc2xh7 Rg8xg4
25.Kh1 Rg4g2
26.Nf3g1 Rg2xf2
27.Re1e3 Rf2xb2
28.a4 Qd7xa4
29.Qh7f5 Nf4e6
30.h4 Qa4a2
31.Qf5e5 c5
32.dxc5 bxc5
33.h5 Be8c6
34.Re3e2 Rb2xe2
35.Ng1xe2 d4
36.Kg1  { time }
1-0

[Event "Match"]
[Site "www.echecsemail.com"]
[Date "2018.10.16"]
[Round "1"]
[White "Zack1984"]
[Black "Bjonil60"]
[WhiteElo "1370"]
[BlackElo "1490"]
[Result "1-0"]
[Round "1"]
1.b4 e6
2.Bc1b2 c6
3.c4 Qd8e7
4.a3 d6
5.Ng1f3 g6
6.Bb2xh8 c5
7.d4 cxb4
8.axb4 b6
9.d5 exd5
10.e3 dxc4
11.Bf1xc4 Bc8d7
12.Bc4d5 Bd7c6
13.b5 Bc6b7
14.Nb1c3 Qe7f6
15.Bh8xf6 Ng8xf6
16.Bd5xb7 a6
17.Bb7xa8 Nf6d7
18.bxa6 Nd7c5
19.a7 Nb8c6
20.Ba8xc6 Kd8
21.Nc3d5 h6
22.a8R 
1-0

[Event "Match"]
[Site "www.echecsemail.com"]
[Date "2018.10.16"]
[Round "1"]
[White "Micheles"]
[Black "Apdash"]
[WhiteElo "2540"]
[BlackElo "2150"]
[Result "1-0"]
[Round "1"]
1.d4 Ng8f6
2.Ng1f3 g6
3.Bc1g5 Bf8g7
4.Nb1d2 d5
5.e3 Nb8d7
6.Bf1e2 O-O
7.O-O c5
8.c3 h6
9.Bg5h4 c4
10.Nf3e5 Nd7xe5
11.dxe5 Nf6h7
12.f4 b5
13.Nd2f3 Bc8b7
14.Qd1c2 Qd8b6
15.Nf3d4 g5
16.Bh4f2 b4
17.cxb4 Qb6xb4
18.Ra1b1 Rf8c8
19.Be2g4 e6
20.f5 Bg7xe5
21.fxe6 Nh7f6
22.exf7 Kxf7
23.Bf2g3 Be5xd4
24.exd4 Rc8h8
25.Rf1xf6 Kxf6
26.Qc2f5 { resign }
1-0

[Event "Match"]
[Site "www.echecsemail.com"]
[Date "2018.10.16"]
[Round "1"]
[White "Apdash"]
[Black "Dussek"]
[WhiteElo "2290"]
[BlackElo "1870"]
[Result "1-0"]
[Round "1"]
1.d4 f5
2.Ng1f3 e6
3.Bc1f4 Ng8f6
4.e3 Bf8e7
5.a3 O-O
6.c3 d6
7.Bf1d3 Nb8c6
8.Nb1d2 Nf6h5
9.O-O Nh5xf4
10.exf4 b6
11.Rf1e1 Bc8b7
12.Re1xe6 Qd8d7
13.Qd1e2 Ra8e8
14.Ra1e1 h6
15.d5 Nc6d8
16.Re6xe7 Re8xe7
17.Qe2xe7 Qd7xe7
18.Re1xe7 Rf8f7
19.Re7xf7 Nd8xf7
20.c4 { resign }
1-0

[Event "Match"]
[Site "www.echecsemail.com"]
[Date "2018.10.16"]
[Round "1"]
[White "Apdash"]
[Black "Cathar"]
[WhiteElo "2210"]
[BlackElo "2240"]
[Result "1-0"]
[Round "1"]
1.e4 e5
2.Ng1f3 Nb8c6
3.Bf1b5 a6
4.Bb5xc6 dxc6
5.O-O f6
6.c3 Qd8d3
7.Rf1e1 Bf8c5
8.Qd1e2 Qd3xe2
9.Re1xe2 Bc8g4
10.d3 O-O-O
11.Bc1e3 Rd8xd3
12.Be3xc5 Rd3d1
13.Re2e1 Bg4xf3
14.Re1xd1 Bf3xd1
15.Nb1d2 Bd1h5
16.Bc5f8 { resign }
1-0

[Event "Tourn. n9959"]
[Site "www.echecsemail.com"]
[Date "2018.10.16"]
[Round "1"]
[White "Coraza"]
[Black "Drill64"]
[WhiteElo "1790"]
[BlackElo "1849"]
[Result "0-1"]
[Round "1"]
1.e4 c5
2.Ng1f3 Nb8c6
3.Bf1c4 g6
4.Nf3g5 Nc6e5
5.Qd1e2 h6
6.Ng5f3 Bf8g7
7.Nf3xe5 Bg7xe5
8.Qe2f3 Ng8f6
9.d3 b5
10.Bc4xb5 Qd8a5
11.Bc1d2 Qa5xb5
12.O-O Qb5xb2
13.Bd2f4 Qb2xa1
14.Nb1d2 Qa1c3
15.Rf1c1 Be5xf4
16.Qf3xf4 d6
17.Nd2b1 Qc3e5
18.Qf4d2 Bc8e6
19.c4 Nf6d7
20.f4 Qe5d4
21.Kh1 Ra8b8
22.Nb1a3 Qd4b2
23.Qd2xb2 Rb8xb2
24.Rc1a1 a6
25.h3 O-O
26.Na3b1 Rf8b8
27.Nb1a3 Rb2f2
28.Kg1 Rb8b2
29.Kh2 Rf2xg2
30.Kh1 Nd7f6
31.Na3b1 Nf6h5
32.f5 Nh5g3
{ resign }
0-1

[Event "Match"]
[Site "www.echecsemail.com"]
[Date "2018.10.16"]
[Round "1"]
[White "Apdash"]
[Black "Krystek23"]
[WhiteElo "2160"]
[BlackElo "2570"]
[Result "0-1"]
[Round "1"]
1.e4 c5
2.Ng1f3 e6
3.d4 cxd4
4.Nf3xd4 Nb8c6
5.Nb1c3 Qd8c7
6.Bf1e2 Ng8f6
7.O-O a6
8.Bc1e3 Bf8e7
9.Qd1d2 b5
10.Nd4xc6 dxc6
11.f4 O-O
12.Be2d3 Nf6g4
13.Be3d4 c5
14.Bd4e5 Ng4xe5
15.fxe5 Qc7xe5
16.b3 Qe5d4
17.Kh1 c4
18.Nc3e2 Qd4d7
19.bxc4 bxc4
20.Rf1f3 cxd3
21.cxd3 Bc8b7
22.Ra1b1 Bb7xe4
23.Rf3g3 Ra8b8
24.Rb1d1 Rf8c8
25.dxe4 Qd7xd2
26.Rd1xd2 Rb8b1
27.Ne2g1 Be7c5
{ resign }
0-1

[Event "Tourn. n9925"]
[Site "www.echecsemail.com"]
[Date "2018.10.16"]
[Round "1"]
[White "Iko"]
[Black "Madz123456"]
[WhiteElo "1690"]
[BlackElo "1850"]
[Result "0-1"]
[Round "1"]
1.e4 c5
2.d4 cxd4
3.Qd1xd4 Nb8c6
4.Qd4c3 Ng8f6
5.f3 e6
6.g4 Bf8b4
7.g5 Nf6h5
8.Ng1h3 Bb4xc3
9.Nb1xc3 Nc6d4
10.Kd1 d5
11.e5 h6
12.gxh6 gxh6
13.f4 Qd8h4
14.Bc1e3 Qh4g4
15.Kd2 Nd4f3
16.Kd3 Bc8d7
17.Bf1e2 Qg4f5
18.Nc3e4 Qf5xe4
19.Kc3 Ra8c8
20.Kb3 Qe4a4

0-1

[Event "Tourn. n9890"]
[Site "www.echecsemail.com"]
[Date "2018.10.17"]
[Round "1"]
[White "Ditto"]
[Black "Kevinking"]
[WhiteElo "1860"]
[BlackElo "1960"]
[Result "1-0"]
[Round "1"]
1.d4 Ng8f6
2.c4 g6
3.Ng1f3 Bf8g7
4.Bc1f4 O-O
5.e3 d6
6.Bf1d3 Nb8d7
7.Nb1c3 Rf8e8
8.e4 e5
9.dxe5 dxe5
10.Bf4g5 c6
11.O-O Qd8c7
12.Rf1e1 Nd7c5
13.Bd3c2 h6
14.Bg5e3 Nc5e6
15.Qd1c1 Kh7
16.b3 b6
17.Nc3e2 Bc8b7
18.b4 c5
19.b5 a6
20.a4 axb5
21.cxb5 Bb7xe4
22.Bc2xe4 Nf6xe4
23.Qc1c2 f5
24.Re1d1 Re8d8
25.Rd1xd8 Ra8xd8
26.Ra1c1 Qc7b7
27.h3 Ne6d4
28.Ne2xd4 cxd4
29.Be3d2 Ne4xd2
30.Nf3xd2 e4
31.Nd2f1 Bg7e5
32.Nf1d2 Be5f4
33.Rc1d1 Bf4xd2
34.Qc2xd2 Qb7d5
35.Qd2f4 Qd5d6
{ time. }
1-0

[Event "Match"]
[Site "www.echecsemail.com"]
[Date "2018.10.17"]
[Round "1"]
[White "Jesmantiz"]
[Black "Apdash"]
[WhiteElo "2220"]
[BlackElo "2130"]
[Result "0-1"]
[Round "1"]
1.d4 d5
2.g3 Ng8f6
3.Bf1g2 c6
4.Ng1f3 Bc8g4
5.O-O Nb8d7
6.Nb1d2 g6
7.c4 Bf8g7
8.b3 O-O
9.Bc1b2 Qd8c7
10.Ra1c1 dxc4
11.Nd2xc4 Rf8d8
12.Nc4e3 Bg4xf3
13.Bg2xf3 e5
14.d5 e4
15.Bf3g2 Qc7a5
16.dxc6 bxc6
17.Qd1c2 Ra8c8
18.Ne3c4 Qa5h5
19.f3 exf3
20.exf3 Nd7b6
21.Nc4e3 Nf6d5
22.Ne3g4 Nd5b4
23.Qc2b1 Nb6d5
24.Rc1c5 f5
25.Ng4f2 Nd5e3
26.Rf1c1 Rd8d2
27.Bb2xg7 Nb4d3
28.Qb1a1 Rd2xf2
29.Rc5c2 Rf2xc2
30.Rc1xc2 Ne3xc2
31.Qa1c3 Nc2e1
32.Bg7h8 Qh5h6
33.f4 Ne1xg2
34.Bh8d4 Ng2xf4
35.Qc3c4 Nf4d5
36.Qc4xd3 Rc8e8
37.Qd3c2 Re8e1
38.Kg2 Nd5e3
39.Bd4xe3 Qh6xe3
40.Qc2c4 Qe3e6
41.Qc4f4 Qe6e2
{ resign }
0-1

[Event "Tourn. n9972"]
[Site "www.echecsemail.com"]
[Date "2018.10.17"]
[Round "1"]
[White "Raicolin"]
[Black "Fantomas"]
[WhiteElo "2130"]
[BlackElo "2160"]
[Result "1-0"]
[Round "1"]
1.c4 c5
2.Nb1c3 Ng8f6
3.g3 g6
4.Bf1g2 Bf8g7
5.Ng1f3 Nb8c6
6.d4 cxd4
7.Nf3xd4 O-O
8.O-O Rf8e8
9.e3 a6
10.Qd1e2 Qd8b6
11.Rf1d1 d6
12.b3 Nc6e5
13.h3 Bc8d7
14.f4 Ne5c6
15.Bc1b2 Ra8b8
16.Kh2 Qb6c7
17.Ra1c1 e5
18.Nd4xc6 bxc6
19.Qe2d2 Re8e6
20.fxe5 Nf6e8
21.Nc3d5 cxd5
22.cxd5 Qc7d8
23.dxe6 Bd7xe6
24.exd6 Bg7xb2
25.Qd2xb2 Ne8xd6
26.Rc1c6 { resign }
1-0

[Event "Match"]
[Site "www.echecsemail.com"]
[Date "2018.10.17"]
[Round "1"]
[White "Zack1984"]
[Black "Gambitmiau"]
[WhiteElo "1600"]
[BlackElo "1920"]
[Result "1-0"]
[Round "1"]
1.e4 Nb8c6
2.d4 d5
3.e5 Bc8f5
4.Bf1b5 Qd8d7
5.Ng1f3 a6
6.Bb5a4 b5
7.Ba4b3 e6
8.Nf3h4 Bf8b4
9.c3 Bb4e7
10.Nh4xf5 exf5
11.O-O f6
12.Rf1e1 Qd7e6
13.exf6 Qe6xf6
14.a4 O-O-O
15.axb5 axb5
16.Qd1f3 Qf6f7
17.Bc1f4 g5
18.Ra1a8 Kb7
19.Ra8xd8 Be7xd8
20.Bb3xd5 Qf7f6
21.Qf3e2 gxf4
22.Qe2xb5 Kc8
23.Bd5xc6 { resign }
1-0

[Event "Tourn. n9950"]
[Site "www.echecsemail.com"]
[Date "2018.10.17"]
[Round "1"]
[White "Conde7"]
[Black "Virgil08bv"]
[WhiteElo "2810"]
[BlackElo "2550"]
[Result "1/2-1/2"]
[Round "1"]
1.a3 g6
2.d4 Bf8g7
3.Nb1c3 d5
4.Bc1f4 Ng8f6
5.e3 O-O
6.Qd1d2 c6
7.Bf1e2 Nb8d7
8.h4 h5
9.Ng1f3 Nf6g4
10.e4 dxe4
11.Nc3xe4 Nd7f6
12.Ne4xf6 Bg7xf6
13.c3 Bc8f5
14.Ra1d1 Rf8e8
15.O-O e5
16.Bf4xe5 Ng4xe5
17.dxe5 Qd8xd2
18.Rd1xd2 Bf6xe5
19.Nf3xe5 Re8xe5
20.f3 Bf5e6
21.Rf1d1 Kg7
22.c4 Ra8e8
23.Kf2 Be6f5
24.Be2f1 b6
25.Rd2e2 Re5xe2
26.Bf1xe2 c5
27.Be2d3 Re8d8
28.Bd3c2 Rd8xd1
29.Bc2xd1 Bf5e6
30.Bd1e2 f6
31.f4 a5
32.Ke3 { draw }
1/2-1/2

[Event "Match"]
[Site "www.echecsemail.com"]
[Date "2018.10.17"]
[Round "1"]
[White "Whitekknight"]
[Black "Darknight"]
[WhiteElo "1850"]
[BlackElo "1930"]
[Result "1-0"]
[Round "1"]
1.e4 d5
2.exd5 Qd8xd5
3.Nb1c3 Qd5d8
4.Ng1f3 Bc8g4
5.Bf1e2 c6
6.h3 Bg4h5
7.O-O Nb8d7
8.d3 h6
9.Bc1e3 g5
10.Nf3d4 g4
11.hxg4 Bh5g6
12.f4 Bf8g7
13.f5 Bg6h7
14.Qd1e1 a6
15.Nc3e4 Nd7f6
16.Ne4xf6 Bg7xf6
17.c3 Bf6e5
18.Nd4f3 Qd8d6
19.Nf3xe5 Qd6xe5
20.Be3d4 Qe5d6
21.Bd4xh8 f6
22.Rf1f3 O-O-O
23.Ra1d1 h5
24.Rf3h3 e6
25.Rh3xh5 Rd8d7
26.fxe6 Qd6xe6
27.d4 Qe6f7
28.b3 Rd7d8
29.g5 Ng8e7
30.Bh8xf6 Bh7g6
31.Rh5h3 Rd8e8
32.g4 Kb8
33.Rh3f3 Qf7h7
34.Qe1f2 Bg6e4
35.Be2d3 Be4g6
36.Bd3xg6 Ne7xg6
37.Qf2h2 Qh7xh2
38.Kxh2 Re8e2
39.Kh3 Re2xa2
40.Bf6d8 Ra2b2
41.Rf3f6 Ng6h8
42.b4 Rb2c2
43.Rd1d3 Rc2c1
44.g6 Rc1h1
45.Kg2 Rh1h6
46.Rd3h3 Rh6xh3
47.Kxh3 Kc8
48.g7 Kxd8
49.gxh8Q Kc7
50.Qh8g7 Kb6
51.Rf6f7 a5
52.Rf7xb7 Ka6
53.Rb7a7 Kb5
54.Ra7xa5 Kc4
55.Ra5c5 Kb3
56.Qg7f7 Kc2
57.Qf7f3 Kb3
58.Qf3d1 Kb2
59.Qd1d2 Kb3
60.b5 cxb5
61.Rc5xb5 Kc4
62.Rb5b4 Kd5
63.Qd2e3 Kd6
64.Qe3e5 Kc6
65.d5 Kd7
66.Rb4b7 { resign }
1-0

[Event "Match"]
[Site "www.echecsemail.com"]
[Date "2018.10.17"]
[Round "1"]
[White "Cathar"]
[Black "Jovaras"]
[WhiteElo "2300"]
[BlackElo "2250"]
[Result "0-1"]
[Round "1"]
1.d4 d5
2.c4 c6
3.Ng1f3 e6
4.Nb1c3 dxc4
5.a4 Bf8b4
6.g3 Ng8f6
7.Bf1g2 O-O
8.O-O b5
9.Nf3e5 Nf6d5
10.axb5 Bb4xc3
11.bxc3 cxb5
12.Bc1a3 Nd5xc3
13.Qd1d2 Nc3d5
14.Ba3xf8 Qd8xf8
15.e4 Nd5b6
16.d5 exd5
17.exd5 Bc8b7
18.d6 Bb7xg2
19.Kxg2 Nb8d7
20.Ne5xd7 Nb6xd7
21.Rf1e1 a5
22.Re1e7 Nd7f6
23.Ra1xa5 Nf6d5
24.Qd2xd5 Ra8xa5
25.d7 Ra5a8
26.Qd5xa8 Qf8xa8
27.Kh3 Kf8
{ resign }
0-1

[Event "Tourn. n9940"]
[Site "www.echecsemail.com"]
[Date "2018.10.17"]
[Round "1"]
[White "Krystek23"]
[Black "Asoka"]
[WhiteElo "2560"]
[BlackElo "2710"]
[Result "1/2-1/2"]
[Round "1"]
1.Ng1f3 c5
2.c4 Nb8c6
3.Nb1c3 Ng8f6
4.g3 d5
5.cxd5 Nf6xd5
6.Bf1g2 Nd5xc3
7.bxc3 e5
8.d3 Bf8e7
9.Bc1e3 O-O
10.Nf3d2 Bc8e6
11.Ra1b1 Be6d5
12.O-O Bd5xg2
13.Kxg2 b6
14.Qd1a4 Qd8d5
15.f3 Nc6a5
16.c4 Qd5e6
17.Nd2e4 Na5c6
18.Ne4c3 Ra8c8
19.Nc3d5 f5
20.Be3d2 Be7d6
21.Bd2c3 Rf8f7
22.e3 h5
23.Qa4c2 h4
24.Qc2e2 Qe6g6
25.Rf1g1 f4
26.exf4 exf4
27.g4 Nc6e7
28.Qe2e4 Qg6g5
29.Qe4e6 Rc8d8
30.Rg1e1 Ne7xd5
31.cxd5 Kf8
32.Bc3e5 Qg5e7
33.Rb1b3 Qe7d7
34.Rb3a3 Bd6xe5
35.Re1xe5 Rd8e8
36.Qe6xd7 Rf7xd7
37.Re5f5 Ke7
38.Rf5xf4 Kd6
39.Rf4e4 Re8e5
40.f4 Re5e7
41.g5 Kxd5
42.Kf3 Re7xe4
{ draw }
1/2-1/2

[Event "Tourn. n9964"]
[Site "www.echecsemail.com"]
[Date "2018.10.17"]
[Round "1"]
[White "Osopanda"]
[Black "Roque1"]
[WhiteElo "1810"]
[BlackElo "1880"]
[Result "0-1"]
[Round "1"]
1.e4 c5
2.Ng1f3 e6
3.d4 cxd4
4.Nf3xd4 Ng8f6
5.Nb1c3 Bf8b4
6.Bc1g5 Qd8a5
7.Bg5xf6 { time. }
0-1

[Event "Tourn. n9964"]
[Site "www.echecsemail.com"]
[Date "2018.10.17"]
[Round "1"]
[White "Julian"]
[Black "Roque1"]
[WhiteElo "1810"]
[BlackElo "1880"]
[Result "0-1"]
[Round "1"]
1.e4 c5
2.Ng1f3 e6
3.d4 cxd4
4.Nf3xd4 Ng8f6
5.Nb1c3 Bf8b4
6.Bc1g5 Nb8c6
7.Nd4xc6 { time. }
0-1

[Event "1/16 Finale"]
[Site "www.chess-mail.com"]
[Date "2018.10.17"]
[Round "1"]
[White "Nimzo"]
[Black "Vgrynyuk"]
[WhiteElo "2840"]
[BlackElo "2810"]
[Result "1/2-1/2"]
[Round "1"]
1.d4 Ng8f6
2.c4 e6
3.Nb1c3 Bf8b4
4.Qd1c2 O-O
5.Ng1f3 c5
6.dxc5 Nb8a6
7.g3 Na6xc5
8.Bf1g2 Nc5e4
9.O-O Ne4xc3
10.bxc3 Bb4e7
11.e4 d6
12.e5 dxe5
13.Nf3xe5 Qd8c7
14.Qc2e2 Be7d6
15.Rf1e1 Nf6d7
16.Bc1f4 Bd6xe5
17.Bf4xe5 Nd7xe5
18.Qe2xe5 Qc7xc4
19.a4 f6
20.Qe5d6 a5
21.Re1d1 Rf8e8
22.Bg2f1 Qc4c6
23.Bf1b5 Qc6xd6
24.Rd1xd6 Re8f8
25.Ra1b1 Ra8b8
26.c4 e5
27.c5 Kf7
28.Bb5c4 Ke7
29.Rd6b6 Kd8
30.Bc4d5 Kc7
31.c6 Bc8f5
32.Rb6xb7 Rb8xb7
33.Rb1xb7 Kd6
34.Bd5g2 g5
35.Rb7b5 Rf8a8
36.f4 gxf4
37.gxf4 Ra8g8
38.Kf2 Rg8g4
39.fxe5 fxe5
40.Rb5d5 Ke6
41.Rd5xa5 Rg4f4
42.Ke3 Rf4b4
43.c7 Rb4b3
44.Kf2 Rb3c3
45.Ra5a6 { draw }
1/2-1/2

[Event "Tourn. n9938"]
[Site "www.echecsemail.com"]
[Date "2018.10.18"]
[Round "1"]
[White "Francesco"]
[Black "Madz123456"]
[WhiteElo "1890"]
[BlackElo "1910"]
[Result "1-0"]
[Round "1"]
1.e4 c5
2.Ng1f3 d6
3.d4 cxd4
4.Nf3xd4 Ng8f6
5.Nb1c3 a6
6.Bc1g5 e6
7.Qd1f3 h6
8.Bg5xf6 Qd8xf6
9.Qf3xf6 gxf6
10.Bf1c4 b5
11.Bc4e2  { time }
1-0

[Event "Tourn. n9880"]
[Site "www.echecsemail.com"]
[Date "2018.10.18"]
[Round "1"]
[White "Senitram"]
[Black "Sachpat"]
[WhiteElo "2520"]
[BlackElo "2820"]
[Result "1/2-1/2"]
[Round "1"]
1.Ng1f3 d5
2.d4 Ng8f6
3.c4 e6
4.Nb1c3 Bf8b4
5.Bc1d2 O-O
6.e3 b6
7.cxd5 exd5
8.Bf1d3 c5
9.O-O Nb8c6
10.a3 Bb4a5
11.Bd3b5 Bc8b7
12.Ra1c1 Ra8c8
13.h3 Ba5xc3
14.Bd2xc3 c4
15.Bb5a4 Nf6e4
16.Nf3d2 Ne4xc3
17.bxc3 Nc6e7
18.Ba4c2 f5
19.Nd2f3 Qd8d6
20.Rc1a1 Ne7c6
21.Bc2a4 Nc6d8
22.Nf3e5 Bb7c6
23.Ba4c2 Bc6d7
24.f4 Nd8c6
25.Rf1f3 Bd7e6
26.Rf3g3 Qd6e7
27.Qd1h5 b5
28.Rg3g5 Nc6xe5
29.dxe5 g6
30.Qh5h6 Qe7g7
31.Qh6xg7 Kxg7
32.h4 h6
33.Rg5g3 h5
34.a4 a6
35.axb5 axb5
36.Ra1a6 Rf8e8
37.Ra6xe6 Re8xe6
38.Bc2xf5 Re6c6
39.Bf5xc8 Rc6xc8
40.Rg3f3 Rc8a8
41.Rf3f1 Ra8a3
42.Rf1c1 b4
43.cxb4 { draw }
1/2-1/2

[Event "Match"]
[Site "www.echecsemail.com"]
[Date "2018.10.18"]
[Round "1"]
[White "Minorsana"]
[Black "Gidgud"]
[WhiteElo "2280"]
[BlackElo "2320"]
[Result "0-1"]
[Round "1"]
1.e4 e6
2.d4 d5
3.e5 c5
4.c3 Nb8c6
5.Ng1f3 Qd8b6
6.a3 cxd4
7.cxd4 Bc8d7
8.Nb1c3 Nc6a5
9.b4 Na5c6
10.Nc3a4 Qb6c7
11.Bc1d2 a6
12.Ra1c1 Qc7d8
 { time }
0-1

[Event "Match"]
[Site "www.echecsemail.com"]
[Date "2018.10.18"]
[Round "1"]
[White "Mitja"]
[Black "Bojan"]
[WhiteElo "1940"]
[BlackElo "1990"]
[Result "1-0"]
[Round "1"]
1.d4 d5
2.e3 a6
3.c3 Bc8f5
4.Bf1d3 Qd8d7
5.Bd3xf5 Qd7xf5
6.b3 Ng8f6
7.Bc1b2 Nb8c6
8.Ng1f3 e5
9.dxe5 Nc6xe5
10.Nf3xe5 Qf5xe5
11.Nb1d2 Qe5f5
12.Nd2f3 c6
13.O-O Ra8d8
14.Qd1e2 Bf8d6
15.h3 Nf6e4
16.c4 f6
17.cxd5 Qf5xd5
18.Rf1d1 Qd5h5
19.Qe2c4 Ne4c5
20.b4 b5
21.Qc4c3 Bd6e5
22.Rd1xd8 Kxd8
23.Qc3d2 Kc7
24.Nf3xe5 Rh8d8
25.Qd2c3 Rd8d1
26.Ra1xd1 Qh5xd1
27.Kh2 { resign }
1-0

[Event "Tourn. n9923"]
[Site "www.echecsemail.com"]
[Date "2018.10.18"]
[Round "1"]
[White "GilliÈre"]
[Black "Madz123456"]
[WhiteElo "2010"]
[BlackElo "1800"]
[Result "1-0"]
[Round "1"]
1.e4 c5
2.Ng1f3 d6
3.d4 cxd4
4.Nf3xd4 Ng8f6
5.Nb1c3 Nb8c6
6.Nd4xc6 bxc6
7.h3 e6
8.Bf1d3 Bf8e7
9.O-O O-O
10.Ra1b1 Nf6d7
11.Bc1f4 e5
12.Bf4g3 Qd8c7
13.Qd1e2 Nd7c5
14.b4 Nc5xd3
15.cxd3 Bc8e6
16.a3 Rf8e8
17.f4 exf4
18.Bg3xf4 Be7f6
19.Rb1c1 a5
20.Qe2d2 Re8b8
21.Bf4g5 Bf6xg5
22.Qd2xg5 axb4
23.axb4 Rb8xb4
24.Qg5d2  { time }
1-0

[Event "Tourn. n9957"]
[Site "www.echecsemail.com"]
[Date "2018.10.18"]
[Round "1"]
[White "Pariolinius"]
[Black "Andychesston"]
[WhiteElo "1840"]
[BlackElo "2090"]
[Result "0-1"]
[Round "1"]
1.e4 e5
2.Ng1f3 Nb8c6
3.Bf1c4 Bf8e7
4.d4 d6
5.dxe5 Bc8g4
6.Nb1d2 Nc6xe5
7.Bc4b3 Ng8f6
8.O-O O-O
9.h3 Bg4e6
10.Bb3xe6 Ne5xf3
11.Nd2xf3 fxe6
12.Rf1e1 Kh8
13.Bc1g5 Nf6g8
14.Bg5f4 e5
15.Bf4d2 Rf8f7
16.Qd1e2 Qd8d7
17.Ra1d1 Ra8f8
18.Kh2 Rf7f6
19.Re1f1 Rf6g6
20.Rf1g1 Be7d8
21.g3 Qd7f7
22.Kg2 Rg6f6
{ resign }
0-1

[Event "Tourn. n9937"]
[Site "www.echecsemail.com"]
[Date "2018.10.18"]
[Round "1"]
[White "Madz123456"]
[Black "Cal"]
[WhiteElo "1900"]
[BlackElo "1740"]
[Result "0-1"]
[Round "1"]
1.e4 e5
2.Ng1f3 d6
3.d4 Bc8g4
4.dxe5 Bg4xf3
5.Qd1xf3 dxe5
6.Bf1c4 Ng8f6
7.Qf3b3 Qd8e7
8.Qb3xb7 Qe7b4
9.Qb7xb4 Bf8xb4
10.Ke2 Nf6xe4
11.Bc4d5 c6
12.Bd5xe4 O-O
13.c3 Bb4c5
14.Rh1d1 f5
15.Be4c2 Nb8a6
16.Nb1d2 Ra8e8
 { time }
0-1

[Event "Match"]
[Site "www.echecsemail.com"]
[Date "2018.10.18"]
[Round "1"]
[White "Ssharp"]
[Black "Mitja"]
[WhiteElo "2270"]
[BlackElo "2000"]
[Result "1-0"]
[Round "1"]
1.e4 d5
2.e5 f6
3.Qd1h5 g6
4.Qh5e2 fxe5
5.Qe2xe5 Ng8f6
6.Ng1f3 Bf8g7
7.Qe5c3 a6
8.Qc3b3 Qd8d6
9.d4 Nb8c6
10.c3 Nf6g4
11.h3 Ng4f6
12.Bf1d3 Nf6d7
13.Bc1e3 Nd7b6
14.Nb1d2 Bc8f5
15.Qb3c2 Bf5xd3
16.Qc2xd3 Rh8f8
17.O-O-O O-O-O
18.Rd1e1 h6
19.Nd2b3 Nb6d7
20.Re1e2 g5
21.Rh1e1 Nd7f6
22.Nb3c5 Rf8e8
23.Nf3e5 Re8f8
24.f4 Kb8
25.fxg5 hxg5
26.Be3xg5 Nf6h5
27.Ne5xc6 Qd6xc6
28.Re2xe7 { resign }
1-0

[Event "Tourn. n9974"]
[Site "www.echecsemail.com"]
[Date "2018.10.18"]
[Round "1"]
[White "Iko"]
[Black "Libiesse"]
[WhiteElo "1830"]
[BlackElo "1930"]
[Result "0-1"]
[Round "1"]
1.e4 c5
2.Ng1f3 e6
3.Bf1d3 a6
4.e5 Nb8c6
5.O-O Qd8c7
6.Nf3g5 Qc7xe5
7.Ng5xh7 g6
8.Nh7xf8 Qe5xh2

0-1

[Event "Tourn. n9954"]
[Site "www.echecsemail.com"]
[Date "2018.10.18"]
[Round "1"]
[White "Tartan"]
[Black "Jazzy"]
[WhiteElo "2600"]
[BlackElo "2290"]
[Result "1-0"]
[Round "1"]
1.e4 c5
2.Ng1f3 d6
3.d4 g6
4.dxc5 Qd8a5
5.Nb1c3 Qa5xc5
6.Bc1e3 Qc5a5
7.Qd1d5 Qa5xd5
8.Nc3xd5 Kd7
9.Bf1b5 Nb8c6
10.O-O-O Ng8f6
11.Be3d4 Bf8g7
12.Nf3e5 dxe5
13.Bd4xe5 { resign }
1-0

[Event "Match"]
[Site "www.echecsemail.com"]
[Date "2018.10.18"]
[Round "1"]
[White "Zack1984"]
[Black "Eeze"]
[WhiteElo "1370"]
[BlackElo "1830"]
[Result "1-0"]
[Round "1"]
1.b4 e5
2.Bc1b2 d6
3.c4 Bf8e7
4.Ng1f3 h6
5.Qd1c2 Ng8f6
6.e3 c6
7.Nb1c3 O-O
8.Bf1e2 Qd8b6
9.a3 Nb8d7
10.d4 exd4
11.Nf3xd4 Nd7e5
12.O-O Ne5g4
13.h3 Ng4e5
14.f4 Ne5g6
15.Be2d3 d5
16.cxd5  { time }
1-0

[Event "Match"]
[Site "www.echecsemail.com"]
[Date "2018.10.18"]
[Round "1"]
[White "Luzhin"]
[Black "Apdash"]
[WhiteElo "2490"]
[BlackElo "2210"]
[Result "1-0"]
[Round "1"]
1.e4 e5
2.f4 d6
3.d3 Nb8c6
4.Ng1f3 Bc8g4
5.Bf1e2 Ng8f6
6.O-O Bf8e7
7.c3 Qd8d7
8.fxe5 dxe5
9.Bc1e3 h6
10.Kh1 Ra8d8
11.Nb1d2 O-O
12.b4 a6
13.a4 Nf6h7
14.b5 Bg4xf3
15.Nd2xf3 axb5
16.axb5 Nc6b8
17.Nf3xe5 Qd7xb5
18.Rf1f5 Qb5b2
19.Ne5c4 Qb2xc3
20.Ra1c1 Qc3b4
21.Be3d2 { resign }
1-0

[Event "Tourn. n9972"]
[Site "www.echecsemail.com"]
[Date "2018.10.18"]
[Round "1"]
[White "Apdash"]
[Black "Estonia"]
[WhiteElo "2200"]
[BlackElo "2000"]
[Result "1-0"]
[Round "1"]
1.d4 Ng8f6
2.c4 e6
3.Nb1c3 d5
4.Ng1f3 c5
5.cxd5 Nf6xd5
6.e3 Nb8c6
7.Bf1b5 a6
8.Bb5xc6 bxc6
9.e4 Nd5xc3
10.bxc3 cxd4
11.cxd4 Bf8b4
12.Bc1d2 a5
13.O-O Bc8a6
14.Rf1e1 O-O
15.a3 Bb4xd2
16.Qd1xd2 Ra8b8
17.Nf3e5 Qd8b6
18.Ne5d7 Qb6c7
19.Nd7xf8 Kxf8
20.Qd2c3 f6
21.d5 exd5
22.exd5 c5
23.Re1e6 Ba6c8
24.Re6c6 Qc7d7
25.Qc3xc5 Kg8
26.Ra1e1 h6
27.h3 Bc8b7
28.Rc6d6 Qd7f5
29.Rd6b6 Rb8c8
30.Qc5xa5 Qf5xd5
31.Qa5xd5 Bb7xd5
32.Re1e7 Rc8c1
33.Kh2 Rc1a1
34.Rb6d6 Bd5b3
35.Re7a7 Ra1a2
36.Kg3 h5
37.Rd6d7 h4
38.Kxh4 Ra2xf2
39.Rd7xg7 Kf8
40.Rg7b7 Rf2e2
41.Rb7xb3 { resign }
1-0

[Event "Tourn. n9900"]
[Site "www.echecsemail.com"]
[Date "2018.10.19"]
[Round "1"]
[White "Jackbauer"]
[Black "Madz123456"]
[WhiteElo "1780"]
[BlackElo "1660"]
[Result "1-0"]
[Round "1"]
1.d4 Ng8f6
2.Bc1f4 g6
3.Nb1c3 d5
4.Ng1f3 Bf8g7
5.h3 O-O
6.e3 c5
7.Bf1e2 Nf6e4
8.Nc3xe4 dxe4
9.Nf3g5 cxd4
10.exd4 Qd8b6
11.Ng5xe4 Bc8f5
12.Ne4g3 Bg7xd4
13.O-O Rf8d8
14.Qd1c1 Bd4xb2
15.Bf4c7 Qb6f6
16.Qc1b1 Rd8c8
17.Ng3xf5 Rc8xc7
18.Nf5h6 Kf8
19.Nh6g4 Qf6g7
20.Rf1d1 Nb8c6
21.Ng4e3 Bb2xa1
22.Qb1xa1 Qg7xa1
23.Rd1xa1 Nc6d4
24.Be2d3 Ra8d8
25.c4 b6
26.Ra1d1  { time }
1-0

[Event "Match"]
[Site "www.echecsemail.com"]
[Date "2018.10.19"]
[Round "1"]
[White "Apdash"]
[Black "Liencam2"]
[WhiteElo "2040"]
[BlackElo "2340"]
[Result "1/2-1/2"]
[Round "1"]
1.e4 c5
2.Ng1f3 e6
3.d4 cxd4
4.Nf3xd4 a6
5.Bf1c4 Qd8c7
6.Qd1e2 Bf8c5
7.Bc1e3 Ng8f6
8.Bc4d3 d6
9.Nb1c3 Nb8d7
10.O-O O-O
11.f4 b5
12.a3 Qc7b6
13.e5 dxe5
14.fxe5 Nd7xe5
15.Nc3e4 Nf6xe4
16.Bd3xe4 Ra8a7
17.c3 Ne5c4
18.Be3f2 Nc4d6
19.Be4d3 Ra7d7
20.b4 Bc5xd4
21.Bf2xd4 Qb6c6
22.Qe2h5 Nd6f5
23.Ra1d1 Bc8b7
24.Qh5g4 Rd7xd4
25.cxd4 Nf5e3
26.Qg4h3 Qc6xg2
27.Qh3xg2 Bb7xg2
28.Rd1d2 Bg2xf1
29.Bd3xf1 Rf8d8
30.Kf2 Ne3xf1
31.Kxf1 Rd8c8
32.d5 exd5
33.Rd2xd5 g6
34.Rd5d6 Rc8c2
35.Kg1 Rc2c3
36.Rd6xa6 Kg7
37.Ra6a5 f5
38.Ra5xb5 Rc3xa3
39.Rb5b8 Kh6
40.Kg2 Kh5
41.b5 Kg4
42.b6 Ra3a2
43.Kg1 Ra2b2
44.b7 Kh5
45.Kf1 h6
46.Kg1 Kg5
47.Kf1 f4
48.h3 h5
49.h4 Kxh4
50.Rb8g8 Rb2xb7
51.Rg8xg6 Rb7b3
52.Kf2 Rb3g3
53.Rg6f6 Kg5
54.Rf6f8 Kg4
55.Rf8g8 Kh3
56.Rg8f8 Rg3g4
57.Kf3 h4
58.Kf2 Kh2
59.Rf8h8 h3
60.Rh8h7 Rg4g3
61.Rh7f7 Rg3g2
62.Kf1 Kg3
63.Rf7g7 Kf3
64.Rg7f7 Rg2b2
65.Kg1 h2
66.Kh1 Kg3
67.Rf7g7 Kf3
68.Rg7g3 Ke4
69.Rg3e3 Kf5
70.Re3e5 { draw }
1/2-1/2

[Event "Match"]
[Site "www.echecsemail.com"]
[Date "2018.10.19"]
[Round "1"]
[White "Ssharp"]
[Black "Mitja"]
[WhiteElo "2260"]
[BlackElo "2010"]
[Result "1-0"]
[Round "1"]
1.c4 e6
2.d4 d5
3.Nb1c3 dxc4
4.e4 c6
5.Bf1xc4 h6
6.Ng1f3 Ng8f6
7.O-O Nb8d7
8.a3 b5
9.Bc4d3 Bc8b7
10.e5 Nf6d5
11.Nc3xd5 exd5
12.e6 fxe6
13.Bd3g6 Ke7
14.Rf1e1 Nd7f6
15.Nf3e5 Qd8c7
16.Bc1f4 Qc7b6
17.Bg6c2 g5
18.Ne5g6 Kd7
19.Bf4e5 Bf8g7
20.Ng6xh8 Bg7xh8
21.Be5xf6 Bh8xf6
22.Qd1g4 Ra8e8
23.Ra1d1 Bb7c8
24.h3 a6
25.b4 Qb6c7
26.Qg4h5 Bf6g7
27.Bc2f5 { resign }
1-0